000 00630nam a22002052 4500
001 0000006278
005 20151217145831.0
008 071011s xx 000 0 eng d
020 _a0895885085 :
_cKES
040 _aKABU
_cKABU
100 1 _aSimpson, Alan.
_@0000157689
245 1 0 _adBase III plus :
_bprogrammer's reference guide /
_cAlan Simpson.
260 _aSan Francisco :
_bSybex,
_c1987.
300 _axiv, 1029 p.
650 0 _adBase III Plus (Computer file)
_@0000154958
650 0 _aDatabase management.
_@0000148184
908 _a071011
950 _@1
999 _c3086
_d3086